| 000 | 00626nam a2200121Ia 4500 | ||
|---|---|---|---|
| 008 | 220615s9999||||xx |||||||||||||| ||und|| | ||
| 245 | 0 | _aTattooed Skin and Health | |
| 546 | _aEnglish[eng] | ||
| 650 | _aMedicine & Public Health||Dermatology||Allergy||Infectious Diseases||Public Health||Social Medicine||Skin||Medicine | ||
| 700 | _aSerup, Jørgen||Kluger, Nicolas||Bäumler, Wolfgang | ||
| 856 | _uhttps://library.oapen.org/bitstream/20.500.12657/25856/1/1004230.pdf||https://library.oapen.org/bitstream/20.500.12657/25856/1/1004230.pdf||https://library.oapen.org/bitstream/20.500.12657/25856/1/1004230.pdf | ||
| 942 | _cEB | ||
| 999 |
_c10323 _d10323 |
||